000 01146nam a2200277Ia 4500
003 OSt
005 20220918110837.0
006 a|||||r|||| 00| 0
007 ta
008 220915b |||||||| |||| 00| 0 hin d
020 _a8121401429 (hbk)
_cINR 375.00
024 _a62,119
037 _b1293, 13/03/2018, Akshar Publishers & Distributors
_cReference Collections
040 _aARTS
_cARTS
_bhin
041 _2hin
_ahin
082 _aP111:4k, 152P6(RR)
100 _aगाबा, ओम् प्रकाश, ले.
_99825
245 0 _aविचारमूलक विश्व लोकोक्ति कोश
246 _aVichāramūlak vishva lokokti kosha
250 _aसंस्करण 2
260 _aनई दिल्ली
_bनेशनल पब्लिशिंग हाउस भारत
_c2006
300 _a328पृ0
650 _aअंग्रेजी भाषा कोश
_99826
942 _hP111:4k, 152P6(RR)
_cREF
999 _c115191
_d115191